000 00465nam a2200157Ia 4500
008 151213s9999 xx 000 0 und d
100 _aআশরাফুল।
245 _aঝড় - জল - সূর্য।
_cআশরাফুল।
250 _a১ম স
260 _aপাবনা।
_bএন - বানূ।
_c2005
300 _a3463 p.
650 _aBangla
650 _aগল্প।
700 _aআশরাফুল।
999 _c2290
_d2290